| 000 | 00521nam a22001817a 4500 | ||
|---|---|---|---|
| 003 | OSt | ||
| 005 | 20140310181709.0 | ||
| 008 | 121206t xxu||||| |||| 00| 0 eng d | ||
| 020 | _a9718581200 | ||
| 050 |
_aPN 6519 _b.P189 1997 |
||
| 082 |
_aFIL 398.9 _2P11 1997 |
||
| 100 | _aPandile, Oliver A. | ||
| 245 |
_aMga salawikain at kasabihang Filipino na may gintong-aral / _cOliver A. Pandile. |
||
| 260 |
_aQuezon City : _bGreat Books Trading, _c1997. |
||
| 300 |
_a112 p. ; _c19 cm. |
||
| 942 |
_2lcc _cBK |
||
| 999 |
_c1487 _d1487 |
||